| 000 | 00640nam a2200181 4500 | ||
|---|---|---|---|
| 008 | 0 2009 0a 000 0mex | ||
| 020 | _a978-970-830-038-4 | ||
| 050 | _aQA372 Z54418 2009 | ||
| 082 | _a515.35 Z372ev 2009 | ||
| 100 | _aZill, Dennis G. | ||
| 245 | _aEcuaciones Diferenciales: Con problemas con valores en la frontera / Dennis G. Zill, Michael R. Cullen | ||
| 250 | _a7 | ||
| 260 | _aMéxico : Cengage Learning | ||
| 300 | _axv, p g varias, 526 p. / 27 cm. | ||
| 500 | _aIncluye: Ap‚ndice | ||
| 650 | _a1. ECUACIONES DIFERENCIALES 2. PROBLEMAS DE VALORES DE CONTORNO | ||
| 700 | _aI. Cullen, Michael R. Caout. | ||
| 999 |
_c16546 _d16546 |
||